Blasons des villes de France #1 - Statistiques

Statistiques générales
  • Ce quiz a été pris 42 fois
  • Le résultat moyen est 3 sur 20
Statistiques - réponses
Par images Réponse % Correct
Paris
92%
Nice
62%
Lille
41%
Quimper
32%
Saint-Denis
27%
Le Havre
16%
Rouen
16%
Saint-Nazaire
16%
Limoges
8%
Argenteuil
5%
Béziers
5%
Le Mans
5%
Champigny-sur-Marne
3%
Colombes
3%
Évry-Courcouronnes
3%
Levallois-Perret
3%
Nanterre
3%
Saint-Pierre
3%
Villejuif
3%
Villeneuve d'Ascq
3%
Aucun quiz correspondant
Distribution des résultats
% des personnes avec chaque résultat
Percentile par nombre de réponses
Votre historique - résultats
Vous n’avez pas pris ce quiz